Govt. of
Madhya Pradesh

Nyayadarsana of Gotama (Record no. 63494)

MARC details
000 -LEADER
fixed length control field 00280nam a22001097a 4500
082 ## - DEWEY DECIMAL CLASSIFICATION NUMBER
Classification number 294
100 ## - MAIN ENTRY--AUTHOR NAME
Personal name Vidyabhusana , Satish Chandra
245 ## - TITLE STATEMENT
Title Nyayadarsana of Gotama
260 ## - PUBLICATION, DISTRIBUTION, ETC. (IMPRINT)
Place of publication Delhi
Name of publisher New Bharatiya Book Corporation
Year of publication 2016
650 ## - SUBJECT ADDED ENTRY--TOPICAL TERM
Topical Term Religion
942 ## - ADDED ENTRY ELEMENTS (KOHA)
Koha item type Books
Holdings
Withdrawn status Lost status Damaged status Not for loan Home library Current library Date acquired Cost, normal purchase price Full call number Accession Number Price effective from Koha item type
        MACL MACL 04/10/2020 800.00 294 CRE037008 04/10/2020 Books